University Home | Library Home | Institutional Repository

International guidelines on bycatch management and reduction of discards (Record no. 125272)

MARC details
000 -LEADER
fixed length control field 00490cam a2200145 4500
008 - FIXED-LENGTH DATA ELEMENTS--GENERAL INFORMATION
fixed length control field 150415n 000 0 eng u
020 ## - INTERNATIONAL STANDARD BOOK NUMBER
International Standard Book Number 9789250069524
035 ## - SYSTEM CONTROL NUMBER
System control number (Sirsi) a189413
050 ## - LIBRARY OF CONGRESS CALL NUMBER
Classification number FAO SH327.6 INT 2011
110 1# - MAIN ENTRY--CORPORATE NAME
Corporate name or jurisdiction name as entry element Food and Agriculture Organization
245 ## - TITLE STATEMENT
Title International guidelines on bycatch management and reduction of discards
260 ## - PUBLICATION, DISTRIBUTION, ETC.
Place of publication, distribution, etc. Rome:
Name of publisher, distributor, etc. Food and Agriculture Organization,
Date of publication, distribution, etc. 2011
300 ## - PHYSICAL DESCRIPTION
Extent v,73p.:
Other physical details ill.
504 ## - BIBLIOGRAPHY, ETC. NOTE
Bibliography, etc. note Bycatches(fisheries)-Prevention
Holdings
Withdrawn status Lost status Source of classification or shelving scheme Damaged status Not for loan Home library Current library Shelving location Cost, normal purchase price Total Checkouts Full call number Barcode Date last seen Copy number Price effective from Koha item type
    Library of Congress Classification     Main Library Main Library Special collections 0.00   FAO SH327.6 INT 2011 33729005403949 08/22/2019 1 08/22/2019 Book
© 2026 - The University of Zambia Library - Koha v25.11